• 首页
  • 本馆介绍
  • 公告通知
  • 最新文献
  • 馆藏检索
  • 电子资源
  • 读者导购
  • 参考咨询
  • 我的图书馆
  • 登录
  • 详细信息显示
  • 放入我的书架
  • 预约/预借图书
  • 作者相关作品
  • 分类相关作品
  • 丛书相关作品
  • 出版社相关作品

书目信息

  • 表格格式
  • 工作单格式
  • 卡片格式
题名:
马克思主义党的学说概论
    
 
作者: 张蔚萍 , 张列军 著
分册:  
出版信息: 兰州   甘肃人民出版社  1984
页数: 259页
开本: 21cm
丛书名:
单 册:
中图分类: D053
科图分类:
主题词: 工人政党--理论
电子资源:
ISBN:
000 00679nam0 2200241 45
001 0184010196
005 20050602084153.8
010    @dCNY1.15
091    @a3096.671
100    @a19950626d1984 em y0chiy0121 ea
101 0  @achi
102    @aCN@b620000
105    @ay z 000yy
200 10 @a马克思主义党的学说概论@Ama ke si zhu yi dang de xue shuo gai lun@f张蔚萍,张列军著@FZhang Wei Ping,Zhang Lie Jun Zhu
210    @a兰州@c甘肃人民出版社@d1984
215    @a259页@d21cm
606    @a工人政党@x理论
690    @aD053@v3
701  0 @a张蔚萍@4著
701  0 @a张列军@4著
801  0 @aCN@b上海图书馆@c20040429
801  2 @aCN@bNLC@c20040429
905    @dD053@e2@f1@b129923
    
    马克思主义党的学说概论/张蔚萍,张列军著.-兰州:甘肃人民出版社,1984
    259页;21cm
    
    
    ISBN :CNY1.15
    
●
相关链接 在E读中查询图书 在五车中查询图书 在当当中查询图书 在豆瓣中查询图书


正题名:马克思主义党的学说概论     索取号:D053/2         预约/预借

序号 登录号 条形码 馆藏地/架位号 状态 备注
1 0129919   001020111   密集书库/ [索取号:D053/2] 在馆    
2 0129920   001020102   第一借阅区/ [索取号:D053/2] 在馆    
3 0129921   001752455   密集书库/ [索取号:D053/2] 在馆    
4 0129922   001752464   密集书库/ [索取号:D053/2] 在馆    
5 0129923   002051031   第一样本阅览室/ [索取号:D053/2] 在馆    
唐山师范学院图书馆 欢迎您!
大连网信软件有限公司© 版权所有